| 000 | 00846nam a2200229 a 4500 | ||
|---|---|---|---|
| 001 | 54183 | ||
| 003 | BD-RjUL | ||
| 005 | 20211209080101.0 | ||
| 008 | 161102s2003 ii ||||| |||| 00| 0 ben d | ||
| 020 | _c: TK 100.00 | ||
| 035 | _a(BD-RjUL)54305 | ||
| 040 |
_aBD-RjUL _bben _cBD-RjUL |
||
| 041 | _aben | ||
| 082 |
_223 _a891.441 _bALK 2003 |
||
| 100 |
_aআলী, মোঃ নওসাদ _9161725 |
||
| 245 | 1 | 0 |
_aকোন দ্রোহে মুক্তি আমার হে অবতার? / _cমোঃ নওসাদ আলী |
| 260 |
_aঢাকা : _bবাংলাদেশ কবিতা ক্লাব, _c২০০৩ |
||
| 300 |
_a১০৮ পৃ. : _bচিত্র ; _c২১ সেমি. |
||
| 650 |
_aবাংলা কবিতা _9161726 |
||
| 650 |
_aBengali Poetry _9161727 |
||
| 942 |
_2ddc _cBK |
||
| 999 |
_c54183 _d54183 |
||